[Event "I Miedzynarodowy Memorial Ireny Warakomskiej - Open B"]
[Site "Suwalki"]
[Date "2017-08-17"]
[Round "8.1"]
[White "Kalmuk, Krzysztof"]
[Black "Samborski, Henryk"]
[Result "1-0"]
[WhiteTitle ""]
[BlackTitle ""]
[WhiteElo "2030"]
[BlackElo "2096"]

1. d4 c5 2. d5 g6 3. e4 d6 4. c4 Bg7 5. Nc3 Nf6 6. Bd3 O-O 7. h3 e6 8. Nf3 exd5
9. cxd5 Na6 10. O-O Nc7 11. a4 Rb8 12. Bf4 a6 13. a5 b5 14. axb6 Rxb6 15. Na4
Rb4 16. Bd2 Rb8 17. Ba5 Nfe8 18. Rb1 f5 19. Re1 fxe4 20. Bxe4 Bd7 21. Nxc5 Rxb2
22. Rxb2 Bxb2 23. Qd2 Bf6 24. Nxa6 Bc8 25. Nxc7 Nxc7 26. Qc2 Rf7 27. Rc1 1-0

[Event "I Miedzynarodowy Memorial Ireny Warakomskiej - Open B"]
[Site "Suwalki"]
[Date "2017-08-17"]
[Round "8.2"]
[White "Shpanko, Nadiia"]
[Black "Kowalec, Maciej"]
[Result "0-1"]
[WhiteTitle ""]
[BlackTitle ""]
[WhiteElo "2095"]
[BlackElo "2038"]

1. d4 Nf6 2. c4 e6 3. Nf3 b6 4. g3 Bb7 5. Bg2 Be7 6. O-O O-O 7. Nc3 Ne4 8. Qc2
Nxc3 9. Qxc3 f5 10. Bf4 d6 11. Qe3 Qc8 12. Rfd1 Re8 13. d5 e5 14. Bg5 Qd8 15.
b4 Nd7 16. Bh3 g6 17. Bxe7 Qxe7 18. Qh6 e4 19. Nd4 Ne5 20. Rac1 a5 21. b5 Bc8
22. f3 Nf7 23. Qe3 f4 24. Qxf4 Bxh3 25. g4 exf3 26. exf3 Qe5 27. Qxe5 Rxe5 28.
Kf2 h5 29. Nc6 Ree8 30. Re1 hxg4 31. Kg3 Nh6 32. fxg4 Bxg4 33. Kh4 Bd7 34. Kg5
Kg7 35. Nd4 Re5+ 36. Rxe5 Nf7+ 0-1

[Event "I Miedzynarodowy Memorial Ireny Warakomskiej - Open B"]
[Site "Suwalki"]
[Date "2017-08-17"]
[Round "8.3"]
[White "Janiszewski, Maciej"]
[Black "Fronczak, Sebastian"]
[Result "1-0"]
[WhiteTitle ""]
[BlackTitle ""]
[WhiteElo "2095"]
[BlackElo "1926"]

1. e4 e6 2. d4 d5 3. Nc3 Nf6 4. Bg5 Bb4 5. e5 h6 6. Bd2 Bxc3 7. Bxc3 Ne4 8. Bb4
c5 9. dxc5 Nc6 10. c3 Nxe5 11. g3 Bd7 12. f3 Nf6 13. f4 Nc6 14. Qe2 Qc7 15. Ba3
O-O 16. Nf3 Rfe8 17. Nd4 a6 18. O-O-O e5 19. Nxc6 bxc6 20. f5 Bxf5 21. h3 d4 22.
cxd4 exd4 23. Qf2 Bg6 24. Rxd4 Ne4 25. Qf4 Qxf4+ 26. gxf4 Nf2 27. Rg1 Re1+ 28.
Kd2 Rae8 29. f5 Rd1+ 30. Kc3 Rxd4 31. Kxd4 Bxf5 32. Bxa6 Nxh3 33. Rf1 Bd7 34.
Bc4 Re7 35. b4 g5 36. Bc1 Kg7 37. a4 g4 38. b5 cxb5 39. axb5 g3 40. Rf3 Nf2 41.
Rxg3+ Bg4 42. Rg2 Re4+ 43. Kd5 1-0

[Event "I Miedzynarodowy Memorial Ireny Warakomskiej - Open B"]
[Site "Suwalki"]
[Date "2017-08-17"]
[Round "8.4"]
[White "Budzinski, Jan "]
[Black "Suder, Ryszard "]
[Result "1-0"]
[WhiteTitle ""]
[BlackTitle ""]
[WhiteElo "2012"]
[BlackElo "2082"]

1. e4 d6 2. d4 Nf6 3. Nc3 g6 4. Be3 Bg7 5. Qd2 c6 6. O-O-O Qa5 7. f3 Nbd7 8. h4
b5 9. Kb1 b4 10. Nce2 Ba6 11. Bh6 Bxh6 12. Qxh6 c5 13. dxc5 Qxc5 14. Nh3 Rc8 15.
Rc1 Ne5 16. Nd4 Bxf1 17. Nb3 Qb5 18. Rhxf1 Nc4 19. Nf4 a5 20. Qg5 Qxg5 21. hxg5
Nd7 22. Rf2 Nc5 23. c3 Nxb3 24. axb3 Ne5 25. cxb4 Rxc1+ 26. Kxc1 axb4 27. Rc2
Kd7 28. Kd2 h6 29. gxh6 Rxh6 30. Nd5 Nc6 31. Nb6+ Kc7 32. Nd5+ Kd7 33. Kd3 Rh8
34. Nb6+ Kc7 35. Nd5+ Kd7 36. Rc1 e6 37. Nf6+ Kc7 38. Kc4 Rb8 39. Ra1 Ne5+ 40.
Kd4 Nc6+ 41. Ke3 Rb5 42. Ra8 Rb8 43. Rxb8 Nxb8 44. Kd4 Kc6 45. Kc4 Na6 46. g3
Kb6 47. g4 Kc6 48. g5 Kb6 49. Ng4 Kc6 50. Ne3 Kb6 51. Nc2 Ka5 52. f4 Nc5 53. e5
Ne4 54. exd6 Nxd6+ 55. Kd4 Kb5 56. Ke5 Ne8 57. Ne1 Kc5 58. Nd3+ Kb5 59. Nf2 Kc5
60. Ne4+ Kc6 61. Nf2 Kd7 62. Nd3 Ke7 63. Nxb4 f6+ 64. gxf6+ Nxf6 65. Nc6+ Kf7
66. b4 Nd7+ 67. Kd6 Nb6 68. Ne5+ 1-0

[Event "I Miedzynarodowy Memorial Ireny Warakomskiej - Open B"]
[Site "Suwalki"]
[Date "2017-08-17"]
[Round "8.5"]
[White "Janulek, Dawid "]
[Black "Bogdanov, Ignat"]
[Result "1/2-1/2"]
[WhiteTitle ""]
[BlackTitle ""]
[WhiteElo "2006"]
[BlackElo "2078"]

1. e4 e6 2. d4 d5 3. Nc3 Nf6 4. e5 Nfd7 5. Nf3 a6 6. Bd3 Be7 7. Qe2 c5 8. dxc5
Nxc5 9. O-O Nc6 10. a3 Nxd3 11. Qxd3 Bc5 12. Bf4 Bd7 13. Rad1 Ne7 14. Bg5 h6 15.
Bxe7 Qxe7 16. Nd4 Rc8 17. Nce2 O-O 18. Kh1 Qe8 19. f4 Bxd4 20. Nxd4 Bb5 21. Nxb5
Qxb5 22. Qxb5 axb5 23. c3 Rc4 24. g3 Rfc8 25. Kg2 g6 26. Kf3 Kf8 27. Rd3 Ke7 28.
Rfd1 h5 29. Rd4 Kd7 30. R1d2 Kc6 31. Ke2 Kb6 32. Kd1 R8c7 1/2-1/2

[Event "I Miedzynarodowy Memorial Ireny Warakomskiej - Open B"]
[Site "Suwalki"]
[Date "2017-08-17"]
[Round "8.6"]
[White "Lisowski, Krzysztof"]
[Black "Widelski, Kacper "]
[Result "1-0"]
[WhiteTitle ""]
[BlackTitle ""]
[WhiteElo "2073"]
[BlackElo "1880"]

1. e4 c5 2. Nf3 Nc6 3. Bb5 g6 4. Bxc6 dxc6 5. d3 Bg7 6. Nc3 Nf6 7. Bf4 O-O 8. Qd2
b5 9. h3 Nd7 10. e5 Nb6 11. Bh6 c4 12. Bxg7 Kxg7 13. d4 Bf5 14. g4 Be6 15. O-O
b4 16. Ne2 Qc8 17. Ng3 c5 18. Qg5 Qb7 19. Nh5+ 1-0

[Event "I Miedzynarodowy Memorial Ireny Warakomskiej - Open B"]
[Site "Suwalki"]
[Date "2017-08-17"]
[Round "8.7"]
[White "Slezinski, Nikodem "]
[Black "Rak, Tomasz"]
[Result "1/2-1/2"]
[WhiteTitle ""]
[BlackTitle ""]
[WhiteElo "1995"]
[BlackElo "2067"]

1. e4 c5 2. Nc3 Nc6 3. Bb5 Nd4 4. Bc4 e6 5. Nf3 Ne7 6. O-O Nec6 7. d3 Be7 8. Nxd4
Nxd4 9. a3 O-O 10. Ba2 b5 11. Ne2 Nxe2+ 12. Qxe2 a5 13. f4 Ra6 14. f5 d5 15. fxe6
fxe6 16. Rxf8+ Bxf8 17. a4 b4 18. exd5 exd5 19. Qe5 Be6 20. Bg5 Qd6 21. Re1 Bf7
22. Qf5 Qg6 23. Qxg6 Rxg6 24. Re5 Rd6 25. Be7 Rd7 26. Bxf8 Kxf8 27. Kf2 c4 28.
Rf5 Ke7 29. dxc4 dxc4 30. Ke3 Ra7 31. Rc5 Kd6 32. Kd4 c3 33. Bxf7 Rxf7 34. b3
Rf2 35. Rd5+ Kc6 36. Rc5+ Kb6 37. Rb5+ Ka6 38. Kc5 Rf5+ 39. Kc6 Rf6+ 40. Kc7 Rf7+
41. Kd6 h6 42. g4 g6 43. h4 Rf6+ 44. Kc7 Rf7+ 45. Kd6 Rf4 46. g5 Rxh4 47. Kc7
1/2-1/2

[Event "I Miedzynarodowy Memorial Ireny Warakomskiej - Open B"]
[Site "Suwalki"]
[Date "2017-08-17"]
[Round "8.8"]
[White "Czarniecka, Aleksandra "]
[Black "Mammadov, Vafa "]
[Result "0-1"]
[WhiteTitle ""]
[BlackTitle ""]
[WhiteElo "1875"]
[BlackElo "2066"]

1. e4 c5 2. Nf3 e6 3. d4 cxd4 4. Nxd4 Nf6 5. Nc3 d6 6. Be2 Be7 7. O-O O-O 8. f4
Nc6 9. Be3 Bd7 10. Qe1 Nxd4 11. Bxd4 Bc6 12. Bd3 Nd7 13. Qg3 e5 14. fxe5 Bh4 15.
Qg4 Nxe5 16. Bxe5 dxe5 17. Kh1 Qg5 18. Qxg5 Bxg5 19. Bc4 Rad8 20. Rf5 Bf4 21.
g3 g6 22. Rxf7 Rxf7 23. gxf4 exf4 24. Rf1 g5 25. Kg2 Kg7 26. Bxf7 Kxf7 27. Kf3
Rd2 28. h4 h6 29. Kg4 Kg6 30. h5+ Kf6 31. Nd5+ Ke5 32. Rc1 Bd7+ 0-1

[Event "I Miedzynarodowy Memorial Ireny Warakomskiej - Open B"]
[Site "Suwalki"]
[Date "2017-08-17"]
[Round "8.9"]
[White "Kaczmarska, Joanna "]
[Black "Grabowski, Adam"]
[Result "0-1"]
[WhiteTitle ""]
[BlackTitle ""]
[WhiteElo "1942"]
[BlackElo "2063"]

1. d4 Nf6 2. c4 e6 3. Nc3 Bb4 4. Qc2 O-O 5. e4 d5 6. e5 Ne4 7. Bd3 c5 8. dxc5 Nxc5
9. a3 Bxc3+ 10. Qxc3 Nxd3+ 11. Qxd3 dxc4 12. Qxc4 Qa5+ 13. Qc3 Qxc3+ 14. bxc3
b6 15. Ne2 Nc6 16. f4 Ba6 17. Be3 Ne7 18. Kf2 Rac8 19. Bd2 Nd5 20. Rhc1 Rc7 21.
a4 Bd3 22. Nd4 a6 23. Ra3 Rfc8 24. Rb3 Rc4 25. Ra3 g6 26. g3 Kg7 27. Ke1 Be4 28.
Ke2 R8c5 29. Nb3 Rc7 30. Nd4 Rb7 31. Nb3 g5 32. fxg5 Bg6 33. Nd4 b5 34. axb5 axb5
35. h4 b4 36. Rb3 Ra7 37. Nb5 Ra2 38. h5 Bxh5+ 39. Kd3 Rg4 40. Bf4 Bg6+ 41. Kc4
Nxf4 42. gxf4 Rxf4+ 43. Nd4 bxc3 44. Kxc3 Ra4 45. Rd1 Re4 46. Rb5 Re3+ 47. Kb2
Bd3 0-1

[Event "I Miedzynarodowy Memorial Ireny Warakomskiej - Open B"]
[Site "Suwalki"]
[Date "2017-08-17"]
[Round "8.11"]
[White "Murawko, Katarzyna "]
[Black "Medvedyk, Volodymyr"]
[Result "0-1"]
[WhiteTitle ""]
[BlackTitle ""]
[WhiteElo "1967"]
[BlackElo "2053"]

1. e4 c5 2. Nf3 d6 3. d4 cxd4 4. Nxd4 Nf6 5. Nc3 a6 6. f3 e5 7. Nb3 Be6 8. Bg5
Nbd7 9. Qd2 h6 10. Be3 b5 11. a4 b4 12. Nd5 Bxd5 13. exd5 Nb6 14. Bxb6 Qxb6 15.
a5 Qb7 16. Rd1 Be7 17. Qd3 O-O 18. Be2 Qa7 19. g3 Rfb8 20. Qd2 Nh5 21. Kf1 Bg5
22. Qd3 Rb5 23. f4 Nf6 24. Qf3 exf4 25. Bxb5 axb5 26. gxf4 Bh4 27. Rd4 Qc7 28.
c3 bxc3 29. bxc3 Re8 30. Kg2 Qc8 31. f5 Bg5 32. Rd3 Re4 33. Rf1 Rf4 34. Qh3 Rh4
35. Qf3 Ng4 36. h3 Ne5 37. Qg3 Qc4 38. Rd4 Qxb3 39. Rxh4 Qxd5+ 40. Kg1 Bxh4 41.
Qxh4 Nf3+ 42. Rxf3 Qxf3 43. Qd8+ Kh7 44. Qb6 Qg3+ 45. Kf1 Qf3+ 46. Kg1 Qxc3 47.
a6 Qa1+ 48. Kg2 Qa2+ 49. Kg3 b4 50. Qb7 Qb3+ 51. Kg2 Qc2+ 52. Kg3 Qd3+ 53. Kg2
b3 54. a7 Qe2+ 55. Kg3 b2 56. Qxf7 Qe3+ 57. Kh4 Qf4+ 0-1

[Event "I Miedzynarodowy Memorial Ireny Warakomskiej - Open B"]
[Site "Suwalki"]
[Date "2017-08-17"]
[Round "8.12"]
[White "Hrymowicz, Artur "]
[Black "Szewczyk, Mariusz"]
[Result "0-1"]
[WhiteTitle ""]
[BlackTitle ""]
[WhiteElo "2015"]
[BlackElo "2053"]

1. e4 e5 2. Nf3 Nc6 3. d4 exd4 4. Nxd4 Bc5 5. Be3 Qf6 6. c3 Nge7 7. Bc4 Ne5 8.
Be2 d6 9. O-O a6 10. f4 N5c6 11. Nc2 Bxe3+ 12. Nxe3 O-O 13. Nd2 Ng6 14. Nd5 Qd8
15. Nc4 f5 16. Bd3 Kh8 17. Qc2 Nce7 18. Nxe7 Nxe7 19. Ne3 g6 20. Rae1 Be6 21.
c4 Qd7 22. Nd5 Bxd5 23. exd5 Ng8 24. Re6 Rae8 25. Rfe1 Rxe6 26. Rxe6 Kg7 27. Qe2
Rf7 28. g4 fxg4 29. Qxg4 Rf6 30. f5 Qf7 31. fxg6 hxg6 32. h4 Rxe6 33. dxe6 Qf6
34. h5 Ne7 35. hxg6 Qxb2 36. Qh4 Qc1+ 37. Kg2 Qd2+ 38. Kg1 Qe3+ 39. Kg2 Nxg6 40.
Bxg6 Kxg6 41. Qe7 Qd2+ 42. Kg3 Qc3+ 43. Kg2 Qg7 44. Qe8+ Kf6+ 45. Kf3 b6 46. Qd8+
Qe7 47. Qh8+ Kxe6 48. Qc8+ Ke5 49. Qxa6 Kd4 50. Kf2 Qf7+ 51. Ke1 Qxc4 52. Qa8
Qc1+ 53. Ke2 Qc2+ 54. Kf1 Ke3 55. Kg1 Qf2+ 0-1

[Event "I Miedzynarodowy Memorial Ireny Warakomskiej - Open B"]
[Site "Suwalki"]
[Date "2017-08-17"]
[Round "8.13"]
[White "Szczygiel, Jakub "]
[Black "Pawelec, Bartosz "]
[Result "0-1"]
[WhiteTitle ""]
[BlackTitle ""]
[WhiteElo "1797"]
[BlackElo "2050"]

1. d4 d5 2. c4 dxc4 3. e3 c5 4. Bxc4 e6 5. Nf3 Nf6 6. Nc3 Nc6 7. O-O a6 8. a4 cxd4
9. exd4 Nb4 10. Bg5 Be7 11. Re1 O-O 12. Qb3 Nc6 13. Qd1 h6 14. Bh4 Bd7 15. Qe2
Re8 16. Rad1 Rc8 17. Ne5 Na5 18. Ba2 Nc6 19. d5 exd5 20. Nxd7 Nxd7 21. Bxd5 Bxh4
22. Qh5 Rf8 23. Bxc6 Rxc6 24. Qg4 Re6 25. Rxe6 fxe6 26. Qxe6+ Rf7 27. g3 Bf6 28.
Ne4 Qe7 29. Qc4 Ne5 30. Qd5 Kh8 31. f4 Nc6 32. Kg2 Bxb2 33. Nd6 Rf8 34. Nc4 Qe2+
35. Kh3 0-1

[Event "I Miedzynarodowy Memorial Ireny Warakomskiej - Open B"]
[Site "Suwalki"]
[Date "2017-08-17"]
[Round "8.14"]
[White "Wacior, Maciej "]
[Black "Sapeta, Robert "]
[Result "1-0"]
[WhiteTitle ""]
[BlackTitle ""]
[WhiteElo "1912"]
[BlackElo "2040"]

1. d4 g6 2. Nf3 Bg7 3. Bf4 Nf6 4. h3 d6 5. e3 O-O 6. Bc4 c5 7. c3 b5 8. Bxb5 Qb6
9. Qe2 Nd5 10. Bh2 cxd4 11. exd4 Bb7 12. Bc4 Nd7 13. O-O Rfe8 14. Qc2 Rac8 15.
Qb3 Qc6 16. Nbd2 a6 17. Bxd5 Qxd5 18. Qxd5 Bxd5 19. Rfe1 e5 20. dxe5 dxe5 21.
Rad1 f5 22. Nb3 Bxb3 23. axb3 Nc5 24. Bxe5 Nxb3 25. Rd7 Bxe5 26. Rxe5 Nc5 27.
Rxe8+ Rxe8 28. Rc7 Na4 29. b3 Nb2 30. Rd7 Rb8 31. Nd4 Re8 32. c4 Re1+ 33. Kh2
Nd1 34. c5 Nxf2 35. c6 f4 36. g3 fxg3+ 37. Kxg3 Ne4+ 38. Kg2 Rc1 39. c7 Nd6 40.
Rxd6 Rxc7 41. Rxa6 Rd7 42. Ra4 Kf7 43. Rc4 Kf6 44. b4 Ke5 45. Nf3+ Kf5 46. Kg3
Rd3 47. Rc5+ Kf6 48. Kf4 Rb3 49. Rb5 h6 50. Rb6+ Kg7 51. b5 g5+ 52. Ke4 Rb4+ 53.
Nd4 h5 54. Rc6 g4 55. hxg4 hxg4 56. Kd5 Kf7 57. Rc3 Kf6 58. Kc5 Ra4 59. b6 1-0

[Event "I Miedzynarodowy Memorial Ireny Warakomskiej - Open B"]
[Site "Suwalki"]
[Date "2017-08-17"]
[Round "8.15"]
[White "Betkowski, Andrzej "]
[Black "Belczewski, Jacek"]
[Result "1-0"]
[WhiteTitle ""]
[BlackTitle ""]
[WhiteElo "2038"]
[BlackElo "1949"]

1. e4 e6 2. d4 d5 3. Nc3 Nf6 4. Bg5 Bb4 5. e5 h6 6. Bc1 Ne4 7. Qg4 g6 8. Nge2 c5
9. f3 cxd4 10. fxe4 dxc3 11. bxc3 Ba5 12. Qg3 d4 13. Ba3 Qc7 14. O-O-O dxc3 15.
Nd4 a6 16. Bb5+ Nc6 17. Qh4 g5 18. Qf2 Qxe5 19. Bxc6+ bxc6 20. Nxc6 Qb5 21. Qf6
1-0

[Event "I Miedzynarodowy Memorial Ireny Warakomskiej - Open B"]
[Site "Suwalki"]
[Date "2017-08-17"]
[Round "8.16"]
[White "Krasiewicz, Robert "]
[Black "Kotlowski, Tomasz"]
[Result "0-1"]
[WhiteTitle ""]
[BlackTitle ""]
[WhiteElo "2031"]
[BlackElo "2005"]

1. c4 c5 2. g3 g6 3. Bg2 Bg7 4. Nc3 Nc6 5. d3 Nf6 6. e4 d6 7. Nge2 O-O 8. O-O e5
9. h3 h6 10. Be3 Kh7 11. f4 Bd7 12. f5 g5 13. g4 Ne8 14. Ng3 f6 15. Nh5 Nc7 16.
h4 Be8 17. Rf3 Bxh5 18. gxh5 Nd4 19. Rg3 Qe7 20. Kf2 a6 21. Qd2 b5 22. Rg1 bxc4
23. dxc4 Qf7 24. b3 Rg8 25. Ke1 Bf8 26. Nd1 Be7 27. Nb2 a5 28. Na4 Na6 29. hxg5
fxg5 30. f6 Qxf6 31. Rf1 Qg7 32. Bh3 Nb4 33. Bxd4 exd4 34. Nb6 Qe5 35. Qg2 d3
36. Bf5+ Kg7 37. Nxa8 Qa1+ 38. Kf2 Qd4+ 39. Kf3 Rxa8 40. Kg4 Bf6 41. Kh3 d2 42.
Qf3 Be5 43. Bg6 Bf4 44. e5 Ra7 45. e6 Qe5 46. a3 Qxe6+ 47. Kg2 Nc6 48. Be4 d1=Q
49. Rxd1 Bxg3 50. Bxc6 Bf4 51. Bd5 Qf5 52. Re1 g4 53. Qf2 Kf6 54. Re6+ Kg5 55.
Re1 Rf7 56. Bxf7 Qxf7 57. Re4 Qf5 58. Re1 Kxh5 59. Qe2 Qf7 60. Qe4 Kg5 61. Qa8
Qf6 62. Re2 Qc3 63. Qd8+ Kh5 64. Qe8+ Kh4 65. Qe7+ Bg5 66. Qe4 Qxb3 67. Kg1 Qg3+
68. Kh1 Qf3+ 69. Qxf3 gxf3 70. Re6 h5 71. Kg1 Kg4 72. Rxd6 h4 73. Kf2 h3 74. Rd2
h2 75. Rd1 Bh4+ 76. Ke3 Kg3 77. a4 Kg2 78. Kf4 f2 0-1

[Event "I Miedzynarodowy Memorial Ireny Warakomskiej - Open B"]
[Site "Suwalki"]
[Date "2017-08-17"]
[Round "8.17"]
[White "Migala, Andrzej"]
[Black "Gawronski, Miroslaw"]
[Result "0-1"]
[WhiteTitle ""]
[BlackTitle ""]
[WhiteElo "2031"]
[BlackElo "2014"]

1. e4 c5 2. Nf3 e6 3. d4 cxd4 4. Nxd4 a6 5. Nc3 Qc7 6. Qd3 b5 7. Qg3 d6 8. Bd3
Bb7 9. O-O Nf6 10. Re1 Nbd7 11. f4 g6 12. Kh1 Bg7 13. f5 e5 14. Nb3 O-O 15. a3
Rac8 16. Qh4 d5 17. exd5 Nxd5 18. Ne4 f6 19. Ng3 g5 20. Qg4 Nf4 21. Ne4 Bd5 22.
Bxf4 exf4 23. Nd4 Ne5 24. Qh5 Bf7 25. Qe2 Rfe8 26. a4 Qb6 27. Nf3 Ng4 28. h3 Ne3
29. axb5 axb5 30. b4 Bd5 31. Nc5 Nxf5 32. Qxe8+ Rxe8 33. Rxe8+ Kf7 34. Ra6 Qc7
35. Re1 Ng3+ 36. Kh2 Bf8 37. Ne6 Bxe6 38. Rexe6 Be7 39. Nd4 h5 40. Rxe7+ Qxe7
41. Nc6 Qf8 42. Ra7+ Ke6 43. Bxb5 Nf5 44. Bc4+ Kd6 45. Rf7 Qh8 46. b5 Kc5 47.
Bd3 Nd6 48. Rh7 Qe8 49. Re7 Qg8 50. Na7 g4 51. Rc7+ Kd4 52. hxg4 hxg4 53. Rd7
Qe6 54. Nc6+ Kc5 55. Re7 g3+ 56. Kg1 Qg4 57. Rh7 Qd1+ 58. Bf1 Qxc2 0-1

[Event "I Miedzynarodowy Memorial Ireny Warakomskiej - Open B"]
[Site "Suwalki"]
[Date "2017-08-17"]
[Round "8.18"]
[White "Wielek, Thomas "]
[Black "Falkowski, Dawid "]
[Result "1-0"]
[WhiteTitle ""]
[BlackTitle ""]
[WhiteElo "1766"]
[BlackElo "2013"]

1. e4 e5 2. d4 exd4 3. Nf3 Nc6 4. Bc4 Nf6 5. e5 d5 6. Bb5 Ne4 7. Nxd4 Bc5 8. O-O
O-O 9. Nxc6 bxc6 10. Bxc6 Ba6 11. Bxa8 Bxf1 12. Qxd5 Qh4 13. g3 Bxf2+ 14. Kxf1
Qh3+ 15. Ke2 Qg4+ 16. Kf1 Be3 17. Qxe4 Qd1+ 18. Kg2 Qxc1 19. Bd5 Bb6 20. Qd3 Qxb2
21. Bxf7+ Rxf7 22. Qb3 Qxa1 23. c3 Kf8 24. Qd5 Qb2+ 25. Kh3 Re7 26. Qf3+ Rf7 27.
Qd5 c6 28. Qd6+ Re7 29. e6 Qxb1 30. Qf4+ Ke8 31. Qb8+ Bd8 32. Qxb1 Rxe6 33. Qb7
Re7 34. Qxc6+ Kf7 35. Qd5+ Ke8 1-0

[Event "I Miedzynarodowy Memorial Ireny Warakomskiej - Open B"]
[Site "Suwalki"]
[Date "2017-08-17"]
[Round "8.19"]
[White "Lada, Michal "]
[Black "Litner, Igor "]
[Result "1/2-1/2"]
[WhiteTitle ""]
[BlackTitle ""]
[WhiteElo "1875"]
[BlackElo "1991"]

1. d4 Nf6 2. c4 g6 3. f3 c6 4. e4 d5 5. e5 Nfd7 6. Nc3 e6 7. Be3 dxc4 8. Bxc4 Nb6
9. Bd3 Nd5 10. Nxd5 exd5 11. Ne2 Bb4+ 12. Nc3 f5 13. exf6 Qxf6 14. O-O Be6 15.
Qd2 Nd7 16. Rfe1 O-O 17. Bh6 Bxc3 18. bxc3 Rfe8 19. Re2 Bf7 20. Rae1 Rxe2 21.
Rxe2 Re8 22. Rxe8+ Bxe8 23. Bf4 1/2-1/2

[Event "I Miedzynarodowy Memorial Ireny Warakomskiej - Open B"]
[Site "Suwalki"]
[Date "2017-08-17"]
[Round "8.21"]
[White "Zianowicz, Dominik "]
[Black "Budnik, Mateusz"]
[Result "1-0"]
[WhiteTitle ""]
[BlackTitle ""]
[WhiteElo "1843"]
[BlackElo "1987"]

1. d4 Nf6 2. c4 g6 3. Nc3 Bg7 4. Nf3 O-O 5. Bg5 d6 6. e3 c6 7. Be2 a6 8. O-O b5
9. Qc2 Nbd7 10. Rfd1 Qc7 11. Rac1 b4 12. Na4 c5 13. h3 Bb7 14. d5 Rfe8 15. e4
h6 16. Bf4 Kh7 17. Re1 Qa5 18. b3 Nb6 19. Nxb6 Qxb6 20. e5 Nd7 21. e6 fxe6 22.
Bd3 Nf8 23. Bxg6+ Kh8 24. Bxe8 Rxe8 25. Nh4 e5 26. Ng6+ Kg8 27. Be3 Qd8 28. f4
exf4 29. Nxf4 e5 30. Nh5 Bc8 31. Rf1 Qe7 32. Qf2 Nh7 33. Qg3 Ng5 34. h4 Ne4 35.
Qg6 Nc3 36. Nf6+ 1-0

[Event "I Miedzynarodowy Memorial Ireny Warakomskiej - Open B"]
[Site "Suwalki"]
[Date "2017-08-17"]
[Round "8.22"]
[White "Sobczak, Miroslaw"]
[Black "Pytel, Maciej"]
[Result "1/2-1/2"]
[WhiteTitle ""]
[BlackTitle ""]
[WhiteElo "1925"]
[BlackElo "1967"]

1. e4 c5 2. Nc3 a6 3. a4 Nc6 4. f4 g6 5. Nf3 Bg7 6. Bc4 e6 7. f5 Nge7 8. fxe6 fxe6
9. d3 O-O 10. O-O d5 11. Bb3 Rb8 12. Bg5 Qd7 13. Qe1 b5 14. axb5 axb5 15. Rd1
Kh8 16. Kh1 Ba6 17. Qh4 d4 18. Ne2 c4 19. Ba2 e5 20. Nd2 Ng8 21. Nc1 Na5 22. Rf3
Rxf3 23. Nxf3 b4 24. dxc4 Bxc4 25. Bxc4 Nxc4 26. b3 Na5 27. Nd3 Nc6 28. Ra1 Qc7
29. Qg4 Re8 30. Ra4 Qb7 31. h3 Nf6 32. Qh4 Ng8 33. Bd2 Bf8 34. Qe1 Qc7 35. Qg3
Qb8 36. Ng5 Qb7 37. Qf2 h6 38. Nf3 Kh7 39. Qg3 Bd6 40. Nh4 Nge7 41. Qg4 Qc8 42.
Qg3 1/2-1/2

[Event "I Miedzynarodowy Memorial Ireny Warakomskiej - Open B"]
[Site "Suwalki"]
[Date "2017-08-17"]
[Round "8.23"]
[White "Golecki, Jan "]
[Black "Wolanski, Michal "]
[Result "1/2-1/2"]
[WhiteTitle ""]
[BlackTitle ""]
[WhiteElo "1957"]
[BlackElo "1920"]

1. e4 c5 2. Nf3 Nc6 3. Bb5 g6 4. O-O Bg7 5. c3 e5 6. d3 Nge7 7. Be3 b6 8. d4 cxd4
9. cxd4 exd4 10. Nxd4 O-O 11. Nc3 Bb7 12. Rc1 a6 13. Ba4 b5 14. Bb3 Na5 15. Qg4
Nxb3 16. Nxb3 Nc6 17. Rfd1 Ne5 18. Qh3 d6 19. Nd5 Nc4 20. Bd4 Bxd4 21. Rxd4 Bxd5
22. Rxd5 Nxb2 23. Qg3 Nc4 24. Nd2 Rc8 25. Nxc4 Rxc4 26. Rxc4 bxc4 27. Qxd6 Qxd6
28. Rxd6 Rc8 29. Rd1 c3 30. Kf1 Rb8 31. Rc1 Rb2 32. a4 Ra2 33. Rxc3 Rxa4 34. e5
a5 35. Rc8+ Kg7 36. Ra8 Ra2 37. g3 a4 38. Kg2 a3 39. Ra7 Kf8 40. h4 Ra1 41. f4
a2 42. g4 Ke8 43. f5 Re1 1/2-1/2

[Event "I Miedzynarodowy Memorial Ireny Warakomskiej - Open B"]
[Site "Suwalki"]
[Date "2017-08-17"]
[Round "8.24"]
[White "Kaczmarek, Arkadiusz "]
[Black "Szczygiel, Konrad"]
[Result "1/2-1/2"]
[WhiteTitle ""]
[BlackTitle ""]
[WhiteElo "1935"]
[BlackElo "1862"]

1. d4 Nf6 2. c4 e6 3. Nf3 b6 4. g3 Bb7 5. Bg2 Be7 6. O-O O-O 7. Re1 c5 8. d5 exd5
9. Nh4 Ne4 10. cxd5 Bxh4 11. Bxe4 Bf6 12. Nc3 d6 13. Bg2 Nd7 14. e4 Ba6 15. f4
b5 16. a4 Qa5 17. Nxb5 Bxb5 18. Bd2 Qb6 19. axb5 Bxb2 20. Ra6 Qxb5 21. Rxd6 c4
22. Be3 Ba3 23. Rc6 Nb8 24. Rc7 Bd6 25. Rxa7 Rxa7 26. Bxa7 c3 27. Bf1 Qa5 28.
Bf2 Rc8 29. Qc2 1/2-1/2

[Event "I Miedzynarodowy Memorial Ireny Warakomskiej - Open B"]
[Site "Suwalki"]
[Date "2017-08-17"]
[Round "8.25"]
[White "Rudzinska, Michalina "]
[Black "Czaplewska, Klara"]
[Result "1-0"]
[WhiteTitle ""]
[BlackTitle ""]
[WhiteElo "1870"]
[BlackElo "1934"]

1. e4 e5 2. Nf3 Nc6 3. Bb5 a6 4. Ba4 Nf6 5. d3 b5 6. Bb3 Be7 7. c3 d6 8. O-O O-O
9. Re1 Bg4 10. h3 Bh5 11. Nbd2 Re8 12. Nf1 Na5 13. Bc2 c5 14. Ng3 Bg6 15. Nh4
Nc6 16. Ngf5 Bf8 17. Qf3 a5 18. Bg5 h6 19. Nxh6+ gxh6 20. Bxf6 Qd7 21. Bb3 Kh7
22. Bd5 Rac8 23. Qg3 Be7 24. Bxf7 1-0

[Event "I Miedzynarodowy Memorial Ireny Warakomskiej - Open B"]
[Site "Suwalki"]
[Date "2017-08-17"]
[Round "8.26"]
[White "Amrogowicz, Dominika "]
[Black "Koloczek, Maciej "]
[Result "1-0"]
[WhiteTitle ""]
[BlackTitle ""]
[WhiteElo "1926"]
[BlackElo "1764"]

1. e4 e6 2. d4 d5 3. Nd2 c5 4. e5 Nc6 5. Ndf3 cxd4 6. Ne2 Bb4+ 7. Bd2 Qb6 8. Rb1
Bc5 9. b4 Nxb4 10. Nexd4 Bxd4 11. Nxd4 Qxd4 12. Rxb4 Qxe5+ 13. Be3 Ne7 14. Bb5+
Nc6 15. O-O O-O 16. Rg4 f5 17. Rh4 Qf6 18. Qh5 Qg6 19. Qd1 a6 20. Bxc6 bxc6 21.
Bd4 Qg5 22. Rh5 Qe7 23. f4 c5 24. Be5 d4 25. Rf3 Bb7 26. Rg3 g6 27. Rh6 Be4 28.
Qh5 1-0

[Event "I Miedzynarodowy Memorial Ireny Warakomskiej - Open B"]
[Site "Suwalki"]
[Date "2017-08-17"]
[Round "8.27"]
[White "Choinska, Debora "]
[Black "Duda, Lukasz Lech"]
[Result "1/2-1/2"]
[WhiteTitle ""]
[BlackTitle ""]
[WhiteElo "1600"]
[BlackElo "1906"]

1. e4 e5 2. Nf3 Nc6 3. c3 d5 4. Qa4 f6 5. Bb5 Nge7 6. exd5 Qxd5 7. O-O Bd7 8. d4
e4 9. Nfd2 f5 10. Bc4 Qd6 11. Qb3 O-O-O 12. Qc2 Nd5 13. Bxd5 Qxd5 14. b4 Re8 15.
Nb3 Bd6 16. a4 f4 17. b5 Nd8 18. c4 Qh5 19. c5 Bf8 20. Bxf4 Qg6 21. Nc3 Qf7 22.
Be5 Qc4 23. Nd2 Qd3 24. Qxd3 exd3 25. Nde4 Nf7 26. f4 Rg8 27. Rab1 Bf5 28. a5
Re6 29. Ng3 g6 30. Nxf5 gxf5 31. Nd5 Nxe5 32. fxe5 Bh6 33. Rxf5 Rg4 34. Rf6 Rxf6
35. Nxf6 Rxd4 36. e6 Be3+ 37. Kh1 Kd8 38. Re1 Ke7 39. Nh5 d2 40. Rd1 Kxe6 41.
Ng3 Kd5 42. Nf5 Rd3 43. Nxe3+ Rxe3 44. Rxd2+ Kxc5 45. g4 Re7 46. Rb2 Kc4 47. Kg2
c5 48. bxc6 bxc6 49. a6 Rg7 1/2-1/2

[Event "I Miedzynarodowy Memorial Ireny Warakomskiej - Open B"]
[Site "Suwalki"]
[Date "2017-08-17"]
[Round "8.28"]
[White "Kupsik, Joanna "]
[Black "Jankowiak, Tomasz"]
[Result "0-1"]
[WhiteTitle ""]
[BlackTitle ""]
[WhiteElo "1703"]
[BlackElo "1905"]

1. e4 d6 2. Nf3 Nf6 3. Nc3 e5 4. Bc4 Be7 5. d3 O-O 6. Be3 c6 7. d4 Nbd7 8. dxe5
dxe5 9. h3 Qc7 10. a4 Bb4 11. Bd3 Nc5 12. Bxc5 Bxc5 13. O-O a5 14. Qe2 h6 15.
Bc4 Nh5 16. Rfd1 Nf4 17. Qd2 Bxh3 18. gxh3 Nxh3+ 19. Kg2 Nf4+ 20. Kh1 Rad8 21.
Qe1 Qc8 22. Qf1 Nh3 23. Rxd8 Rxd8 24. Bxf7+ Kh8 25. Bh5 Nxf2+ 26. Kh2 Rf8 27.
Qg2 Rf4 28. Qg6 Qf8 29. Rg1 Rf6 30. Nh4 Bd4 31. Rg2 Be3 32. Qe8 Qxe8 33. Bxe8
Bf4+ 34. Kg1 Be3 35. Nf5 Bc5 36. Kf1 Nxe4 37. Nxe4 Rxf5+ 38. Ke2 Be7 39. Rf2 Rxf2+
40. Kxf2 Kh7 41. Kf3 g6 42. Bd7 h5 43. c4 c5 44. Nc3 g5 45. Ne4 Kg6 46. Be6 b6
47. Bd7 Kh6 48. Be8 g4+ 49. Kg3 Bg5 50. Bc6 Be7 51. Nc3 Kg5 52. Bg2 h4+ 53. Kf2
h3 54. Bh1 Kh4 55. Ne4 Bg5 56. Ng3 Be3+ 57. Kxe3 Kxg3 58. Be4 Kh2 59. Kf2 g3+
60. Kf1 g2+ 0-1